LEADER 01311nam a2200277 u 4500 001 000000006795 003 CaOOAMICUS 005 20070226104919.0 008 941029s1910 gw u000 u lat u 035 $a10176635 040 $aNNPM$bita 100 1 $aFranchi de' Cavalieri, Pio Pietro,$d1869-1960.$0(OLS)http://pul/name/2613 245 10$aSpecimina codicum graecorum vaticanorum, /$ccollegerunt Pius Franchi de' Cavalieri et Iohannes Lietzmann. 260 $aBonnae :$bA. Marcus et E. Weber,$c1910. 300 $axvi, 50 facsims. ;$c30 cm 490 1 $aTabulae in usum scholarum 650 0$aPaleography, Greek.$2//eng$0(OLS)http://pul/subject/6042 650 0$aManuscripts, Greek$xFacsimiles.$2//eng$0(OLS)http://pul/subject/6043 700 1 $aLietzmann, Hans,$d1875-1942.$0(OLS)http://pul/name/3387 710 2 $aBiblioteca apostolica vaticana.$0(OLS)http://pul/name/211 830 0$aTabulae in usum scholarum.$0(OLS)http://pul/title/9975 850 $aPUL 852 $aPUL$W1$xDP1 Cons. Gen., Altre Classi 1$y22$m139 D 2$j9599$nBK-PRI$b $qStampati$B9599$CPULBib$Z2$F9599 $HPUL6921 $81 941 1 $a8 996 $6245$aSpecimina codicum graecorum vaticanorum,$9(OLS)http://pul/title/9974 996 $6260$aBonnae :$bA. Marcus et E. Weber$9(OLS)http://pul/publisher/51446 LEADER 01105nam a2200289 a 4500 001 000000170885 003 CaOOAMICUS 005 20181203094141.0 008 181203s1977 xxu 000 u eng r 020 $a0-226-67295-6* 032 $aLibriCat 040 $aPUL$bita 082 14$a111 100 1 $aPolanyi, Michael.$0(OLS)http://pul/name/40695 245 10$aMeaning / $cMichael Polanyi and Harry Prosch . 260 $aChicago :$bThe University of Chicago Press,$cİ1977 . 300 $aXIV, 246 p. ; $c20 cm. 650 4$aOntologia.$0(OLS)http://pul/subject/4424 700 1 $aProsch, Harry.$0(OLS)http://pul/name/97576 850 $aPUL 852 $aPUL$W1$xDP2 Filosofia 3$y112$m111 POLMI 1$j194168$qDDC 21$B199404$CPULBib$Z2$F199404 $H131826 $81 941 1 $a9 996 $6020$a0-226-67295-6*$9(OLS)http://pul/number/165451 996 $6082$a111$9(OLS)http://pul/classification/142 996 $6245$aMeaning / $9(OLS)http://pul/title/211728 996 $6260$aChicago :$bThe University of Chicago Press$9(OLS)http://pul/publisher/57829